MARC details
| 000 -CABECERA |
| campo de control de longitud fija |
01702nam a2200241 a 4500 |
| 005 - FECHA Y HORA DE LA ÚLTIMA TRANSACCIÓN |
| campo de control |
20241116063718.0 |
| 008 - ELEMENTOS DE LONGITUD FIJA--INFORMACIÓN GENERAL |
| campo de control de longitud fija |
150803s2014 mx r 000 0 spa d |
| 020 ## - NÚMERO INTERNACIONAL NORMALIZADO PARA LIBROS |
| Número Internacional Estándar del Libro |
9786077611516 |
| 035 ## - NÚMERO DE CONTROL DEL SISTEMA |
| Número de control de sistema |
UPN01000204704 |
| 049 ## - COLECCIÓN |
| Colección |
DVD |
| 050 #4 - SIGNATURA TOPOGRÁFICA DE LA BIBLIOTECA DEL CONGRESO |
| Número de clasificación |
KGF290 |
| Número de documento/Ítem |
B3.5 |
| 245 00 - MENCIÓN DE TÍTULO |
| Título |
Bandos, leyes y decretos 1825-1925 : |
| Resto del título |
Gobierno del Distrito Federal / |
| Mención de responsabilidad, etc. |
coord. gral. Carlos E. Ruíz Abreu. |
| 260 ## - PUBLICACIÓN, DISTRIBUCIÓN, ETC. |
| Lugar de publicación, distribución, etc. |
México : |
| Nombre del editor, distribuidor, etc. |
Gobierno del Distrito Federal, Secretaría de Cultura, Archivo Histórico del Distrito Federal Carlos de Sigüenza y Góngora : |
| -- |
Instituto de Investigaciones Dr. José María Luis Mora, |
| Fecha de publicación, distribución, etc. |
2014. |
| 300 ## - DESCRIPCIÓN FÍSICA |
| Extensión |
1 DVD-ROM ; |
| Dimensiones |
4 3/4 plg. |
| 520 ## - NOTA DE RESUMEN, ETC. |
| Sumario, etc. |
Conjunto de bandos, avisos, circulares y folletos que contienen leyes, decretos, reglamentos, convocatorias y comunicado diversos publicados por los gobiernos nacional, del Distrito Federal y de los ayuntamientos de la capital entre 1825 a 1925. Se trata de la serie completa de “Bandos, leyes y decretos”, del fondo del Gobierno del Distrito Federal, bajo resguardo del Archivo Histórico del Distrito Federal. El presente disco contiene el catálogo de los 7,500 expedientes que integran esta serie. |
| 538 ## - NOTA DE DETALLES DEL SISTEMA |
| Nota de detalles del sistema |
Memoria Ram: 1gb. Unidad de DVD ; compatible con los siguientes exploradores de internet: Chrome 27.0 o superior, Firefox 22.0 o superior, IE 10.0 o superior, Opera 12.0 o superior, y Safari 6.0 o superior ; Acrobat reader 10.0 o superior |
| 650 ## - ASIENTO SECUNDARIO DE MATERIA - TERMINO TEMATICO |
| Término de materia o nombre geográfico como elemento de entrada |
DERECHO - |
| Subdivisión geográfica |
MEXICO - |
| Subdivisión general |
HISTORIA |
| 9 (RLIN) |
6601 |
| 651 #4 - ASIENTO SECUNDARIO DE MATERIA - NOMBRE GEOGRAFICO |
| Nombre geográfico |
México |
| Subdivisión general |
Historia |
| Subdivisión cronológica |
Siglo XIX |
| 9 (RLIN) |
4642 |
| 651 #0 - ASIENTO SECUNDARIO DE MATERIA - NOMBRE GEOGRAFICO |
| Nombre geográfico |
México |
| Subdivisión general |
Historia |
| Subdivisión cronológica |
Revolución, 1910-1917 |
| Subdivisión de forma |
Fuentes |
| 9 (RLIN) |
4498 |
| 700 1# - ASIENTO SECUNDARIO--NOMBRE DE PERSONAL |
| Nombre de persona |
Ruiz Abreu, Carlos Enrique, |
| Fechas asociadas al nombre |
1958- |
| Término indicativo de función/relación |
coord. |
| 9 (RLIN) |
41402 |
| 905 ## - TIPO DE MATERIAL |
| Tipo de material |
Electrónico |